Score 0/10 Timer 01:30
2 Plays Today
% Correct
Finland
92.8%
Belgium
85.4%
Latvia
83.8%
Croatia
80.1%
Romania
79.6%
Germany
78.9%
Albania
77.2%
Switzerland
75.8%
Czechia
70.3%
Belarus
70%

Today's Daily Dose

You're not logged in!

Compare scores with friends on all Sporcle quizzes.
OR
Log In

Sporcle TV

Today on Sporcle TV


Watch our educational content, quiz creation guides, and fun videos on Sporcle TV.

Show Comments

Extras

Top Quizzes Today


Score Distribution

Paid Content

Your Account Isn't Verified!

In order to create a playlist on Sporcle, you need to verify the email address you used during registration. Go to your Sporcle Settings to finish the process.

Report this User

Report this user for behavior that violates our Community Guidelines.

Details: